[Event "Piestany Slovakia op-A"]
[Site "Piestany"]
[Date "2022.07.18"]
[Round "9"]
[White "Drtina, Milan"]
[Black "Warchol, Kamil"]
[Result "0-1"]
[WhiteElo "2167"]
[BlackElo "2121"]
[PlyCount "50"]
[EventDate "2022.07.11"]
[EventType "swiss"]
[EventRounds "9"]
[EventCountry "SVK"]
[SourceTitle "CBM 209 Extra"]
[Source "ChessBase"]
[SourceDate "2022.09.30"]
[SourceVersion "1"]
[SourceVersionDate "2022.09.30"]
[SourceQuality "1"]

1. e4 e5 2. Nf3 Nc6 3. Bb5 a6 4. Ba4 Nf6 5. 0-0 b5 6. Bb3 Bb7 7. Ng5 d5 8. exd5 Nd4 9. Re1 Be7 10. Rxe5 0-0 11. Nf3 Qd6 12. Re1 Ng4 13. g3 Qf6 14. Kg2 Nxb3 15. axb3 Bxd5 16. Nc3 Bb7 17. Ne4 Qg6 18. d3 f5 19. Ned2 Bc5 20. h3 Bxf2 21. hxg4 Bxe1 22. g5 Rae8 23. Nf1 Qh5 24. N1h2 Bxf3+ 25. Nxf3 Qg4 0-1

[Event "Piestany Slovakia op-A"]
[Site "Piestany"]
[Date "2022.07.14"]
[Round "5"]
[White "Leszko, Bence"]
[Black "Drtina, Milan"]
[Result "1-0"]
[WhiteElo "2241"]
[BlackElo "2167"]
[PlyCount "75"]
[EventDate "2022.07.11"]
[EventType "swiss"]
[EventRounds "9"]
[EventCountry "SVK"]
[SourceTitle "CBM 209 Extra"]
[Source "ChessBase"]
[SourceDate "2022.09.30"]
[SourceVersion "1"]
[SourceVersionDate "2022.09.30"]
[SourceQuality "1"]

1. e4 e5 2. Nf3 Nc6 3. Bc4 Bc5 4. c3 d6 5. d4 exd4 6. cxd4 Bb4+ 7. Nc3 Nf6 8. d5 Bxc3+ 9. bxc3 Ne7 10. Bd3 Ng6 11. Nd4 0-0 12. 0-0 Re8 13. Re1 Bd7 14. Rb1 c5 15. Nb5 c4 16. Bc2 Bxb5 17. Rxb5 Qc8 18. h3 Nd7 19. Rb4 a6 20. a4 Rb8 21. Be3 b5 22. Qb1 Nc5 23. axb5 axb5 24. Rxb5 Rxb5 25. Qxb5 Nxe4 26. Qb4 Nf6 27. Rd1 Qc7 28. Bb6 Qb8 29. Ba4 Re5 30. Bc6 Nf4 31. Qa5 N6xd5 32. Bxd5 Ne2+ 33. Kf1 Nxc3 34. Qxc3 Qxb6 35. Qxc4 g6 36. Bxf7+ Kg7 37. Bd5 Qb2 38. Bf3 1-0

[Event "SVK-chT2A 1516"]
[Site "Slovakia"]
[Date "2016.02.13"]
[Round "8.2"]
[White "Drtina, Milan"]
[Black "Madar, Martin"]
[Result "1-0"]
[WhiteElo "2183"]
[BlackElo "2110"]
[PlyCount "103"]
[EventDate "2015.10.17"]
[EventType "team-tourn"]
[EventRounds "11"]
[EventCountry "SVK"]
[SourceTitle "EXT 2017"]
[Source "ChessBase"]
[SourceDate "2016.10.25"]
[SourceVersion "1"]
[SourceVersionDate "2016.10.25"]
[SourceQuality "1"]
[WhiteTeam "Trnava Lokomotiva II"]
[BlackTeam "Pezinok"]
[WhiteTeamCountry "SVK"]
[BlackTeamCountry "SVK"]

1. e4 d6 2. d4 Nf6 3. Bd3 e5 4. d5 Nbd7 5. c4 Nc5 6. Nc3 a5 7. Be3 Nfd7 8. Nge2 Be7 9. Bc2 Bg5 10. Qd2 Bxe3 11. Qxe3 0-0 12. b3 Qh4 13. h3 Nb6 14. g3 Qe7 15. g4 a4 16. 0-0 Na6 17. Ng3 Nb4 18. Qd2 Nxc2 19. Qxc2 Bd7 20. Qd2 Ra7 21. Kg2 Rfa8 22. Rab1 axb3 23. axb3 g6 24. Rb2 Ra1 25. Rxa1 Rxa1 26. Ra2 Rxa2 27. Qxa2 h5 28. gxh5 Qh4 29. hxg6 Qxh3+ 30. Kg1 Bg4 31. gxf7+ Kxf7 32. Qa1 Bf3 33. Qf1 Qh6 34. Qd3 Qc1+ 35. Nf1 Qg5+ 36. Ng3 Qc1+ 37. Nf1 Qg5+ 38. Ng3 Qg4 39. Kf1 Nd7 40. Qe3 Kg6 41. Ke1 Nc5 42. b4 Nb3 43. Nb5 Bd1 44. Qd3 Bf3 45. Qxb3 Bxe4 46. Nxc7 Bf5 47. Nxf5 Kxf5 48. Qd3+ e4 49. Qg3 Qh5 50. Ne6 Qh1+ 51. Kd2 Qh6+ 52. Kc2 1-0

[Event "SVK-chT1W 1516"]
[Site "Slovakia"]
[Date "2015.12.13"]
[Round "6.5"]
[White "Drtina, Milan"]
[Black "Bombek, Peter"]
[Result "0-1"]
[WhiteElo "2175"]
[BlackElo "2157"]
[PlyCount "89"]
[EventDate "2015.10.24"]
[EventType "team-tourn"]
[EventRounds "11"]
[EventCountry "SVK"]
[SourceTitle "CBM 170 Extra"]
[Source "ChessBase"]
[SourceDate "2016.02.25"]
[SourceVersion "1"]
[SourceVersionDate "2016.02.25"]
[SourceQuality "1"]
[WhiteTeam "Trnava Lokomotiva"]
[BlackTeam "Dubnica nad Vahom"]
[WhiteTeamCountry "SVK"]
[BlackTeamCountry "SVK"]

1. e4 e6 2. e5 d5 3. exd6 Bxd6 4. d4 Nf6 5. Nf3 0-0 6. Bd3 Nbd7 7. 0-0 c5 8. c3 b6 9. Nbd2 Bb7 10. Nc4 Qc7 11. dxc5 Bxc5 12. Bg5 Ng4 13. Ncd2 Nge5 14. Be4 h6 15. Nxe5 Nxe5 16. Bf4 Bd6 17. Bxe5 Bxe5 18. Bxb7 Qxb7 19. f4 Bd6 20. Qe2 Qc7 21. Qe4 Rfd8 22. Rad1 Rac8 23. g3 Bc5+ 24. Kg2 Rd5 25. Nf3 Rcd8 26. Rxd5 Rxd5 27. Re1 Be7 28. Re2 Bf6 29. Rd2 Qd7 30. Rxd5 exd5 31. Qd3 Qe6 32. h3 g6 33. Nd4 Bxd4 34. Qxd4 Qe4+ 35. Kf2 Qc2+ 36. Kf3 Qxb2 37. Qxd5 Qxc3+ 38. Kg2 Qc2+ 39. Kf3 Qc3+ 40. Kg2 Kg7 41. g4 b5 42. h4 Qc4 43. Qe5+ Kh7 44. h5 Qxa2+ 45. Kg3 0-1

[Event "SVK-chT1W 1415"]
[Site "Slovakia"]
[Date "2015.02.28"]
[Round "8.4"]
[White "Detko, Jan"]
[Black "Drtina, Milan"]
[Result "1/2-1/2"]
[WhiteElo "2165"]
[BlackElo "2175"]
[PlyCount "80"]
[EventDate "2014.10.18"]
[EventType "team-tourn"]
[EventRounds "11"]
[EventCountry "SVK"]
[SourceTitle "EXT 2016"]
[Source "ChessBase"]
[SourceDate "2015.10.08"]
[SourceVersion "1"]
[SourceVersionDate "2015.10.08"]
[SourceQuality "1"]
[WhiteTeam "Prievidza SK"]
[BlackTeam "Trnava Lokomotiva"]
[WhiteTeamCountry "SVK"]
[BlackTeamCountry "SVK"]

1. e4 e5 2. Nc3 Nf6 3. f4 d5 4. fxe5 Nxe4 5. Qf3 Nxc3 6. bxc3 Be6 7. d4 c5 8. Ne2 Nc6 9. g3 Qa5 10. Bd2 0-0-0 11. Nf4 Qa3 12. Nxe6 fxe6 13. Qf7 cxd4 14. Rb1 Qe7 15. Qxe7 Bxe7 16. Bh3 dxc3 17. Bxc3 d4 18. Bxe6+ Kc7 19. Bd2 Rhf8 20. Rf1 Nxe5 21. Bf4 Bd6 22. Bxe5 Bxe5 23. Rxf8 Rxf8 24. Bd5 b6 25. Ke2 Kd6 26. Be4 h6 27. Rf1 Bf6 28. Bg6 Rc8 29. Rf3 Rc5 30. Ra3 a5 31. Rb3 b5 32. Rf3 Re5+ 33. Kd1 Kc5 34. Rf5 Kb4 35. Rxe5 Bxe5 36. Kd2 Ka3 37. Bf7 Kb2 38. Be6 h5 39. Bf7 h4 40. gxh4 Bxh2 1/2-1/2

[Event "SVK-chT2A 1415"]
[Site "Slovakia"]
[Date "2014.12.07"]
[Round "6.2"]
[White "Kleman, Miroslav"]
[Black "Drtina, Milan"]
[Result "1-0"]
[WhiteElo "2230"]
[BlackElo "2175"]
[PlyCount "43"]
[EventDate "2014.10.11"]
[EventType "team-tourn"]
[EventRounds "11"]
[EventCountry "SVK"]
[SourceTitle "EXT 2016"]
[Source "ChessBase"]
[SourceDate "2015.10.08"]
[SourceVersion "1"]
[SourceVersionDate "2015.10.08"]
[SourceQuality "1"]
[WhiteTeam "Modra II"]
[BlackTeam "Trnava Lokomotiva II"]
[WhiteTeamCountry "SVK"]
[BlackTeamCountry "SVK"]

1. e4 e5 2. f4 exf4 3. Nf3 g5 4. Nc3 Bg7 5. g3 g4 6. Nh4 d6 7. d4 f3 8. Be3 c6 9. Bc4 Qe7 10. Qd2 Bf6 11. 0-0-0 Bxh4 12. gxh4 Nd7 13. Bf4 Nb6 14. Bb3 Bd7 15. a4 0-0-0 16. a5 Na8 17. d5 Nc7 18. e5 Nxd5 19. exd6 Qf6 20. Bxd5 cxd5 21. Nxd5 Qf5 22. Ne7+ 1-0

[Event "SVK-chT2A 1415"]
[Site "Slovakia"]
[Date "2014.10.12"]
[Round "2.2"]
[White "Gabris, Ondrej"]
[Black "Drtina, Milan"]
[Result "0-1"]
[WhiteElo "2251"]
[BlackElo "2175"]
[PlyCount "70"]
[EventDate "2014.10.11"]
[EventType "team-tourn"]
[EventRounds "11"]
[EventCountry "SVK"]
[SourceTitle "EXT 2016"]
[Source "ChessBase"]
[SourceDate "2015.10.08"]
[SourceVersion "1"]
[SourceVersionDate "2015.10.08"]
[SourceQuality "1"]
[WhiteTeam "Pezinok"]
[BlackTeam "Trnava Lokomotiva II"]
[WhiteTeamCountry "SVK"]
[BlackTeamCountry "SVK"]

1. e4 e5 2. Nf3 Nc6 3. d4 exd4 4. c3 d5 5. Bd3 dxc3 6. exd5 Qxd5 7. Nxc3 Bb4 8. Qe2+ Nge7 9. Be4 Qc5 10. 0-0 Bxc3 11. bxc3 0-0 12. Rb1 a6 13. Bf4 Na5 14. Nd4 Ng6 15. Be3 Qe7 16. Qf3 Re8 17. Bc2 Nc4 18. Bc1 c5 19. Nb3 Be6 20. Qh5 Rac8 21. f4 f5 22. Bxf5 Bxf5 23. Qxf5 Ne3 24. Bxe3 Qxe3+ 25. Kh1 c4 26. Na5 Rc5 27. Qd7 Rxa5 28. f5 Nf8 29. Qc7 Qc5 30. Qg3 Re7 31. Qg4 Rf7 32. f6 h5 33. Qe4 Qd5 34. Qe2 Qd3 35. Qb2 Rb5 0-1

[Event "SVK-chT1W 1314"]
[Site "Slovakia"]
[Date "2014.03.02"]
[Round "9.7"]
[White "Horvath, Marek"]
[Black "Drtina, Milan"]
[Result "0-1"]
[WhiteElo "1811"]
[BlackElo "2135"]
[PlyCount "86"]
[EventDate "2013.10.12"]
[EventType "team-tourn"]
[EventRounds "11"]
[EventCountry "SVK"]
[SourceTitle "EXT 2015"]
[Source "ChessBase"]
[SourceDate "2014.11.20"]
[SourceVersion "1"]
[SourceVersionDate "2014.11.20"]
[SourceQuality "1"]
[WhiteTeam "Modra"]
[BlackTeam "Trnava Lokomotiva"]
[WhiteTeamCountry "SVK"]
[BlackTeamCountry "SVK"]

1. e4 e5 2. Nf3 Nc6 3. d4 exd4 4. Nxd4 Bc5 5. Be3 Nxd4 6. Bxd4 Bxd4 7. Qxd4 Qf6 8. Qxf6 Nxf6 9. Nc3 d6 10. 0-0-0 Bd7 11. Bc4 0-0-0 12. Bxf7 Rhf8 13. e5 dxe5 14. Bd5 Ng4 15. Ne4 Nxf2 16. Nxf2 Rxf2 17. Rhf1 Rdf8 18. Bf3 Rxf1 19. Rxf1 c6 20. Re1 Re8 21. Be4 g6 22. Rf1 Re7 23. Kd2 Be6 24. a3 Rf7 25. Re1 Kd7 26. Ke3 Bd5 27. Rd1 Ke6 28. Bf3 Bxf3 29. gxf3 Rd7 30. Rg1 Kf5 31. c3 g5 32. b4 h6 33. a4 a6 34. h3 c5 35. b5 axb5 36. axb5 c4 37. Ra1 Rd3+ 38. Ke2 Rxc3 39. Ra7 Kf4 40. Rxb7 Rc2+ 41. Kd1 Rb2 42. b6 Kxf3 43. Rb8 Kg3 0-1

[Event "SVK-chT2A 1314"]
[Site "Slovakia"]
[Date "2014.01.12"]
[Round "6.2"]
[White "Drtina, Milan"]
[Black "Vrbova, Niki"]
[Result "1-0"]
[WhiteElo "2135"]
[BlackElo "2151"]
[PlyCount "55"]
[EventDate "2013.10.19"]
[EventType "team-tourn"]
[EventRounds "11"]
[EventCountry "SVK"]
[SourceTitle "EXT 2015"]
[Source "ChessBase"]
[SourceDate "2014.11.20"]
[SourceVersion "1"]
[SourceVersionDate "2014.11.20"]
[SourceQuality "1"]
[WhiteTeam "Trnava Lokomotiva II"]
[BlackTeam "Pezinok"]
[WhiteTeamCountry "SVK"]
[BlackTeamCountry "SVK"]

1. e4 e5 2. Nf3 Nc6 3. Bb5 d6 4. 0-0 Nf6 5. d4 exd4 6. Nxd4 Bd7 7. Nxc6 bxc6 8. Bc4 Be7 9. Nc3 0-0 10. h3 Re8 11. f4 Bf8 12. Qf3 Rb8 13. b3 Qe7 14. Bd3 Kh8 15. Bb2 Bc8 16. Qf2 d5 17. e5 Nd7 18. Na4 Bb7 19. Rae1 Nc5 20. Nxc5 Qxc5 21. Bd4 Qa5 22. Qh4 h6 23. e6 f6 24. Bxf6 Qc5+ 25. Kh1 gxf6 26. Qxf6+ Bg7 27. Qg6 Kg8 28. f5 1-0

[Event "SVK-chT2A 1213"]
[Site "Slovakia"]
[Date "2013.03.16"]
[Round "10.2"]
[White "Drtina, Milan"]
[Black "Janko, Michal"]
[Result "1-0"]
[WhiteElo "2202"]
[BlackElo "2294"]
[PlyCount "101"]
[EventDate "2012.10.13"]
[EventType "team-tourn"]
[EventRounds "11"]
[EventCountry "SVK"]
[SourceTitle "EXT 2015"]
[Source "ChessBase"]
[SourceDate "2014.11.20"]
[SourceVersion "1"]
[SourceVersionDate "2014.11.20"]
[SourceQuality "1"]
[WhiteTeam "Trnava Lokomotiva II"]
[BlackTeam "Gabcikovo"]
[WhiteTeamCountry "SVK"]
[BlackTeamCountry "SVK"]

1. e4 g6 2. d4 Bg7 3. c4 d6 4. Nc3 e5 5. Nf3 Nc6 6. Bg5 f6 7. Be3 Nh6 8. dxe5 dxe5 9. Qxd8+ Kxd8 10. 0-0-0+ Bd7 11. h3 Nb8 12. c5 c6 13. Nd2 Nf7 14. Bc4 Rf8 15. Bxf7 Rxf7 16. Nc4 Kc7 17. Nd6 Rf8 18. b4 Be6 19. a4 Nd7 20. Rd2 f5 21. f3 f4 22. Bf2 Bf6 23. Rhd1 b6 24. Nd5+ cxd5 25. exd5 Bf5 26. Nb5+ Kd8 27. c6 Nb8 28. Nxa7 Rxa7 29. Bxb6+ Rc7 30. d6 Nxc6 31. dxc7+ Kc8 32. Rd6 Nd4 33. a5 Be7 34. Rd5 Bxb4 35. Rd8+ Kb7 36. Bxd4 exd4 37. R1xd4 Kxc7 38. a6 Bc5 39. Rxf8 Bxf8 40. a7 Kb7 41. a8Q+ Kxa8 42. Rd8+ Kb7 43. Rxf8 Kc6 44. Kd2 Kd5 45. Kc3 Ke5 46. Kc4 h5 47. h4 Be6+ 48. Kc5 Bf5 49. Re8+ Be6 50. Re7 Kf6 51. Kd6 1-0

[Event "SVK-chT1W 1213"]
[Site "Slovakia"]
[Date "2013.02.24"]
[Round "9.3"]
[White "Nikel, Rastislav"]
[Black "Drtina, Milan"]
[Result "0-1"]
[WhiteElo "2073"]
[BlackElo "2202"]
[PlyCount "56"]
[EventDate "2012.10.20"]
[EventType "team-tourn"]
[EventRounds "11"]
[EventCountry "SVK"]
[SourceTitle "EXT 2015"]
[Source "ChessBase"]
[SourceDate "2014.11.20"]
[SourceVersion "1"]
[SourceVersionDate "2014.11.20"]
[SourceQuality "1"]
[WhiteTeam "Levice"]
[BlackTeam "Trnava Lokomotiva"]
[WhiteTeamCountry "SVK"]
[BlackTeamCountry "SVK"]

1. d4 d5 2. c4 c6 3. Nf3 e6 4. Nc3 f5 5. Bf4 Nf6 6. e3 Bd6 7. c5 Bc7 8. Bxc7 Qxc7 9. Ne5 0-0 10. Bd3 Nbd7 11. f4 b6 12. b4 a5 13. a3 Nxe5 14. fxe5 Ng4 15. Ke2 bxc5 16. bxc5 f4 17. e4 Ne3 18. Qg1 Nxg2 19. exd5 f3+ 20. Kd2 exd5 21. Qf2 Qf7 22. Nd1 Qf4+ 23. Kc3 Rb8 24. Nb2 Bf5 25. Bxf5 Qxf5 26. Nd3 Rb3+ 27. Kxb3 Qxd3+ 28. Kb2 Rb8+ 0-1

[Event "SVK-chT2A 1213"]
[Site "Slovakia"]
[Date "2013.02.02"]
[Round "7.2"]
[White "Drtina, Milan"]
[Black "Bury, Rastislav"]
[Result "1/2-1/2"]
[WhiteElo "2202"]
[BlackElo "2099"]
[PlyCount "22"]
[EventDate "2012.10.13"]
[EventType "team-tourn"]
[EventRounds "11"]
[EventCountry "SVK"]
[SourceTitle "EXT 2015"]
[Source "ChessBase"]
[SourceDate "2014.11.20"]
[SourceVersion "1"]
[SourceVersionDate "2014.11.20"]
[SourceQuality "1"]
[WhiteTeam "Trnava Lokomotiva II"]
[BlackTeam "Osuske II"]
[WhiteTeamCountry "SVK"]
[BlackTeamCountry "SVK"]

1. e4 c5 2. c4 Nc6 3. Ne2 e5 4. g3 g6 5. Bg2 Bg7 6. 0-0 d6 7. Nbc3 Nge7 8. d3 0-0 9. f4 exf4 10. Bxf4 Bg4 11. Qd2 Nd4 1/2-1/2

[Event "SVK-chT2A 1213"]
[Site "Slovakia"]
[Date "2012.12.15"]
[Round "5.2"]
[White "Drtina, Milan"]
[Black "Seitler, Andrej"]
[Result "0-1"]
[WhiteElo "2202"]
[BlackElo "2223"]
[PlyCount "74"]
[EventDate "2012.10.13"]
[EventType "team-tourn"]
[EventRounds "11"]
[EventCountry "SVK"]
[SourceTitle "EXT 2015"]
[Source "ChessBase"]
[SourceDate "2014.11.20"]
[SourceVersion "1"]
[SourceVersionDate "2014.11.20"]
[SourceQuality "1"]
[WhiteTeam "Trnava Lokomotiva II"]
[BlackTeam "Piestany Kupele"]
[WhiteTeamCountry "SVK"]
[BlackTeamCountry "SVK"]

1. e4 c6 2. d4 d5 3. Nd2 dxe4 4. Nxe4 Nf6 5. Nxf6+ gxf6 6. c3 Bf5 7. Bd3 Bg6 8. Nf3 e6 9. Be3 Bd6 10. h4 Nd7 11. h5 Bxd3 12. Qxd3 Qa5 13. Nd2 f5 14. Nc4 Qd5 15. Bd2 Bc7 16. Ne3 Qd6 17. Qe2 0-0-0 18. g3 c5 19. 0-0-0 cxd4 20. cxd4 Nb6 21. Ba5 Kb8 22. Kb1 f4 23. Bxb6 Qxb6 24. gxf4 Rxd4 25. f5 Rhd8 26. fxe6 Qxe6 27. Rxd4 Rxd4 28. Qc2 Qe4 29. Rg1 Qxc2+ 30. Kxc2 Be5 31. Rg4 Kc7 32. f4 Bf6 33. f5 Kd6 34. b3 Ke5 35. Rg1 Kf4 36. Nc4 Kxf5 37. Rf1+ Ke6 0-1

[Event "SVK-chT1W 1213"]
[Site "Slovakia"]
[Date "2012.12.09"]
[Round "4.4"]
[White "Barczi, Tibor"]
[Black "Drtina, Milan"]
[Result "1-0"]
[WhiteElo "2070"]
[BlackElo "2202"]
[PlyCount "83"]
[EventDate "2012.10.20"]
[EventType "team-tourn"]
[EventRounds "11"]
[EventCountry "SVK"]
[SourceTitle "EXT 2014"]
[Source "ChessBase"]
[SourceDate "2013.11.20"]
[SourceVersion "1"]
[SourceVersionDate "2013.11.20"]
[SourceQuality "1"]
[WhiteTeam "Batorove Kosihy"]
[BlackTeam "Trnava Lokomotiva"]
[WhiteTeamCountry "SVK"]
[BlackTeamCountry "SVK"]

1. e4 e5 2. Nc3 d6 3. Bc4 Nc6 4. d3 Nf6 5. f4 Na5 6. Bb3 Nxb3 7. axb3 g6 8. fxe5 dxe5 9. Nf3 Bg7 10. Bg5 Qd6 11. Qd2 h6 12. Be3 a6 13. Ra5 Ng4 14. Rd5 Qe6 15. Bg1 c6 16. Ra5 b5 17. h3 Nf6 18. Na4 Nxe4 19. dxe4 bxa4 20. bxa4 0-0 21. Bc5 Re8 22. 0-0 Rb8 23. b3 Rb7 24. Qd6 f5 25. exf5 gxf5 26. Qxe6+ Bxe6 27. Rxa6 Bd5 28. Nh4 f4 29. Nf5 Rd7 30. Re1 e4 31. c4 Bc3 32. Re2 Re5 33. Nxh6+ Kh7 34. Ng4 Rg5 35. cxd5 cxd5 36. b4 e3 37. b5 Rc7 38. Ra7 Rxa7 39. Bxa7 d4 40. Nf6+ Kg6 41. Ne4 d3 42. Nxc3 1-0

[Event "SVK-chT2A 1213"]
[Site "Slovakia"]
[Date "2012.10.14"]
[Round "2.2"]
[White "Danada, Tomas"]
[Black "Drtina, Milan"]
[Result "1-0"]
[WhiteElo "2098"]
[BlackElo "2202"]
[PlyCount "93"]
[EventDate "2012.10.13"]
[EventType "team-tourn"]
[EventRounds "11"]
[EventCountry "SVK"]
[SourceTitle "EXT 2015"]
[Source "ChessBase"]
[SourceDate "2014.11.20"]
[SourceVersion "1"]
[SourceVersionDate "2014.11.20"]
[SourceQuality "1"]
[WhiteTeam "Bratislava Doprastav III"]
[BlackTeam "Trnava Lokomotiva II"]
[WhiteTeamCountry "SVK"]
[BlackTeamCountry "SVK"]

1. d4 Nf6 2. c4 g6 3. Nc3 Bg7 4. e4 d6 5. Nge2 0-0 6. Ng3 c6 7. Be2 Qc7 8. h4 h5 9. Bg5 Nh7 10. Be3 e5 11. d5 c5 12. Qd2 Qe7 13. 0-0-0 Bd7 14. Rdg1 Na6 15. Nf1 Nc7 16. g4 hxg4 17. h5 gxh5 18. Rxh5 f5 19. exf5 Bxf5 20. Bxg4 Bxg4 21. Rxg4 Nf6 22. Rxg7+ Kxg7 23. Bh6+ Kf7 24. Bxf8 Rxf8 25. Rf5 Ke8 26. Qg5 Nd7 27. Qg6+ Kd8 28. Ng3 Rf6 29. Qg5 Rxf5 30. Qxe7+ Kxe7 31. Nxf5+ Kf6 32. Nxd6 b6 33. Nce4+ Kg6 34. Kd2 a6 35. Ke3 Kg7 36. Kf3 Kg6 37. Kg4 b5 38. b3 bxc4 39. bxc4 Na8 40. Nb7 Nab6 41. Nbxc5 Nf6+ 42. Nxf6 Kxf6 43. Ne4+ Ke7 44. Nd2 Kd6 45. Kf5 a5 46. a3 a4 47. f3 1-0

[Event "SVK-chT2A 1213"]
[Site "Slovakia"]
[Date "2012.10.13"]
[Round "1.2"]
[White "Drtina, Milan"]
[Black "Odler, Daniel"]
[Result "1/2-1/2"]
[WhiteElo "2202"]
[BlackElo "2110"]
[PlyCount "29"]
[EventDate "2012.10.13"]
[EventType "team-tourn"]
[EventRounds "11"]
[EventCountry "SVK"]
[SourceTitle "EXT 2015"]
[Source "ChessBase"]
[SourceDate "2014.11.20"]
[SourceVersion "1"]
[SourceVersionDate "2014.11.20"]
[SourceQuality "1"]
[WhiteTeam "Trnava Lokomotiva II"]
[BlackTeam "Devinska Nova Ves II"]
[WhiteTeamCountry "SVK"]
[BlackTeamCountry "SVK"]

1. e4 e5 2. Nf3 Nf6 3. Nc3 Nc6 4. Bb5 Nd4 5. Ba4 Bc5 6. d3 0-0 7. Bg5 c6 8. Nxd4 Bxd4 9. Bb3 d6 10. Qf3 a5 11. a4 Be6 12. Bxf6 Qxf6 13. Qxf6 gxf6 14. Bxe6 fxe6 15. Ke2 1/2-1/2

[Event "CZE-chT2E 1112"]
[Site "Czech Republic"]
[Date "2012.02.19"]
[Round "8.4"]
[White "Drtina, Milan"]
[Black "Omelka, Roman"]
[Result "1/2-1/2"]
[WhiteElo "2247"]
[BlackElo "2115"]
[PlyCount "85"]
[EventDate "2011.10.09"]
[EventType "team-tourn"]
[EventRounds "11"]
[EventCountry "CZE"]
[SourceTitle "EXT 2013"]
[Source "ChessBase"]
[SourceDate "2012.11.22"]
[SourceVersion "1"]
[SourceVersionDate "2012.11.22"]
[SourceQuality "1"]
[WhiteTeam "Borsice"]
[BlackTeam "Stare Mesto III"]
[WhiteTeamCountry "CZE"]
[BlackTeamCountry "CZE"]

1. e4 d6 2. d4 Nf6 3. Bd3 e5 4. d5 c6 5. dxc6 bxc6 6. c4 d5 7. exd5 cxd5 8. Qe2 Bd6 9. cxd5 0-0 10. Nc3 e4 11. Bc4 Bg4 12. Qc2 Nbd7 13. h3 Bh5 14. g4 Bg6 15. Be3 Ne5 16. Be2 Qa5 17. Qd2 Rfc8 18. g5 Nfd7 19. a3 Nc5 20. Bxc5 Qxc5 21. h4 Re8 22. Kf1 Nd3 23. Bxd3 exd3 24. h5 Bf5 25. Nf3 Qc8 26. Kg2 Bg4 27. Qxd3 Bxh5 28. Rh4 Bg6 29. Qc4 Qf5 30. Nb5 Be5 31. Nbd4 Bxd4 32. Qxd4 Bh5 33. Rf4 Bxf3+ 34. Rxf3 Qxg5+ 35. Rg3 Qe5 36. Rd1 Qxd4 37. Rxd4 Kf8 38. Rc3 Re7 39. d6 Rd7 40. Kf3 Rad8 41. Rc6 f6 42. Rc7 Rxd6 43. Ra4 1/2-1/2

[Event "CZE-chT2E 1112"]
[Site "Czech Republic"]
[Date "2012.02.05"]
[Round "7.2"]
[White "Handl, Martin"]
[Black "Drtina, Milan"]
[Result "1-0"]
[WhiteElo "2117"]
[BlackElo "2247"]
[PlyCount "63"]
[EventDate "2011.10.09"]
[EventType "team-tourn"]
[EventRounds "11"]
[EventCountry "CZE"]
[SourceTitle "EXT 2013"]
[Source "ChessBase"]
[SourceDate "2012.11.22"]
[SourceVersion "1"]
[SourceVersionDate "2012.11.22"]
[SourceQuality "1"]
[WhiteTeam "Adamov"]
[BlackTeam "Borsice"]
[WhiteTeamCountry "CZE"]
[BlackTeamCountry "CZE"]

1. e4 e5 2. Nf3 Nc6 3. Bb5 a6 4. Bxc6 dxc6 5. d4 exd4 6. Qxd4 Qxd4 7. Nxd4 Bd7 8. Be3 0-0-0 9. Nd2 Re8 10. 0-0-0 h5 11. Rhe1 Nh6 12. f3 c5 13. Ne2 b6 14. Bf4 f6 15. Nc3 g5 16. Bg3 h4 17. Bf2 Bg7 18. Nd5 f5 19. exf5 Nxf5 20. Ne4 Bc6 21. c3 Bh6 22. Kc2 c4 23. Nef6 Rxe1 24. Rxe1 Bg7 25. Re6 Kb7 26. Ne3 Nd6 27. Nfd5 h3 28. Re7 Bxd5 29. Nxd5 hxg2 30. Rxc7+ Kb8 31. Bxb6 Rxh2 32. Ba7+ 1-0

[Event "SVK-chT1W 1112"]
[Site "Slovakia"]
[Date "2011.11.13"]
[Round "4.2"]
[White "Certek, Pavel"]
[Black "Drtina, Milan"]
[Result "1-0"]
[WhiteElo "2322"]
[BlackElo "2247"]
[PlyCount "79"]
[EventDate "2011.10.15"]
[EventType "team-tourn"]
[EventRounds "11"]
[EventCountry "SVK"]
[SourceTitle "EXT 2013"]
[Source "ChessBase"]
[SourceDate "2012.11.22"]
[SourceVersion "1"]
[SourceVersionDate "2012.11.22"]
[SourceQuality "1"]
[WhiteTeam "Bratislava Slovan II"]
[BlackTeam "Trnava Lokomotiva"]
[WhiteTeamCountry "SVK"]
[BlackTeamCountry "SVK"]

1. d4 Nf6 2. c4 g6 3. g3 Bg7 4. Bg2 0-0 5. Nc3 d6 6. Nf3 c6 7. 0-0 Qc7 8. h3 b6 9. Re1 Bb7 10. e4 e5 11. Be3 Nbd7 12. Rc1 a6 13. b4 Rfe8 14. d5 c5 15. a3 Nf8 16. Nd2 Re7 17. Rb1 Bc8 18. Kh2 Bd7 19. Na4 Rb8 20. Qc2 Be8 21. Rec1 a5 22. bxc5 bxc5 23. Nc3 Qd8 24. Rb2 Reb7 25. Rcb1 Rxb2 26. Rxb2 Bd7 27. Qb1 Rxb2 28. Qxb2 Qc7 29. a4 Ne8 30. Nb5 Qb6 31. Qc3 Nc7 32. Nb3 Nxb5 33. cxb5 Bxb5 34. axb5 a4 35. Nd2 Qxb5 36. Bf1 Qb8 37. Qa5 Qb4 38. Qxb4 cxb4 39. Bb5 a3 40. Nb3 1-0

[Event "SVK-chT1W 1112"]
[Site "Slovakia"]
[Date "2011.10.16"]
[Round "2.3"]
[White "Drtina, Milan"]
[Black "Martiska, Peter"]
[Result "1/2-1/2"]
[WhiteElo "2247"]
[BlackElo "2281"]
[PlyCount "26"]
[EventDate "2011.10.15"]
[EventType "team-tourn"]
[EventRounds "11"]
[EventCountry "SVK"]
[SourceTitle "EXT 2013"]
[Source "ChessBase"]
[SourceDate "2012.11.22"]
[SourceVersion "1"]
[SourceVersionDate "2012.11.22"]
[SourceQuality "1"]
[WhiteTeam "Trnava Lokomotiva"]
[BlackTeam "Nitra"]
[WhiteTeamCountry "SVK"]
[BlackTeamCountry "SVK"]

1. e4 c6 2. d4 d5 3. exd5 cxd5 4. Bd3 Nc6 5. c3 g6 6. Nf3 Bg7 7. 0-0 Nh6 8. h3 0-0 9. Bf4 f6 10. Re1 Nf7 11. Bb5 Nd6 12. Qe2 Nxb5 13. Qxb5 a6 1/2-1/2